[Event "2nd American Continental"]
[Site "Buenos Aires ARG"]
[Date "2003.08.18"]
[Round "2"]
[White "Zarnicki, Pablo"]
[Black "Bitelmajer, Martin"]
[Result "1-0"]
[WhiteElo "2530"]
[BlackElo "2230"]
[EventDate "2003.08.17"]
[PlyCount "111"]

1.e4 e5 2.Nf3 Nc6 3.Bb5 a6 4.Bxc6 dxc6 5.O-O f6 6.d4 exd4 7.Nxd4 c5 8.Nb3 
Qxd1 9.Rxd1 Bd6 10.Nc3 Bd7 11.Be3 b6 12.a4 a5 13.Nd2 Be6 14.f4 O-O-O 15.
Nf3 Nh6 16.h3 Nf7 17.Kf2 Rde8 18.Re1 Bd7 19.Re2 Bc6 20.Bd2 c4 21.Rae1 Bc5+
22.Be3 Bb4 23.Bd4 Nd6 24.Nd2 Re7 25.g4 Rd8 26.e5 Nf7 27.Be3 fxe5 28.f5 
Bxc3 29.bxc3 Bxa4 30.Nf3 h6 31.Bf4 Rde8 32.Nxe5 Nxe5 33.Rxe5 Rxe5 34.Rxe5 
Rxe5 35.Bxe5 Bxc2 36.Bxg7 h5 37.Bh6 Kd7 38.Bc1 b5 39.Ba3 Ke8 40.Ke3 Kf7 
41.Kf4 hxg4 42.hxg4 Bd1 43.g5 Bh5 44.Bc5 Kg7 45.Ke5 Bf7 46.Be7 Be8 47.Ke6 
c6 48.Bc5 Bf7+ 49.Ke7 Bd5 50.Bd4+ Kg8 51.Bc5 Kg7 52.g6 Bg8 53.Bd4+ Kh6 54.
Kf8 Bd5 55.g7 Kh7 56.f6 1-0

[Event "2nd American Continental"]
[Site "Buenos Aires ARG"]
[Date "2003.08.19"]
[Round "3"]
[White "Aguilar, Andres"]
[Black "Kanefsck, Gustavo"]
[Result "1/2-1/2"]
[WhiteElo "2204"]
[BlackElo "2389"]
[EventDate "2003.08.17"]
[PlyCount "34"]

1.e4 c5 2.Nf3 Nc6 3.d4 cxd4 4.Nxd4 Nf6 5.Nc3 d6 6.f3 e5 7.Nb3 Be6 8.Be3 
Be7 9.Qd2 O-O 10.O-O-O a5 11.Bb5 Na7 12.Be2 Nc6 13.Bb5 Qb8 14.g4 Rc8 15.g5
Nd7 16.Kb1 Qc7 17.h4 Na7 1/2-1/2

[Event "2nd American Continental"]
[Site "Buenos Aires ARG"]
[Date "2003.08.19"]
[Round "3"]
[White "Altamirano, Benjamin"]
[Black "Martinez Garcia, Jose Joaquin"]
[Result "1-0"]
[WhiteElo "2333"]
[BlackElo "2172"]
[EventDate "2003.08.17"]
[PlyCount "85"]

1.c4 e5 2.g3 f5 3.Bg2 Nf6 4.d4 Bb4+ 5.Bd2 Bxd2+ 6.Qxd2 exd4 7.Qxd4 O-O 8.
Nh3 Nc6 9.Qd1 d6 10.Nf4 Ne5 11.Nc3 Kh8 12.b3 Qe7 13.O-O Rb8 14.Qd2 Bd7 15.
Nfd5 Qd8 16.Nf4 Qe8 17.Nfd5 Qd8 18.Nxf6 Rxf6 19.Nd5 Rh6 20.Qf4 c6 21.Nc3 
Qf6 22.Qd2 Re8 23.Rad1 Qg6 24.h4 Rf8 25.Qg5 Qe8 26.Qf4 Rff6 27.Rd4 Ng6 28.
Qe3 Re6 29.Qd2 f4 30.Ne4 Qe7 31.Rxd6 Rxd6 32.Qxd6 Qe8 33.Qd4 Ne5 34.Ng5 
Rf6 35.Ne4 Rf8 36.Nd6 Qh5 37.Nxb7 Qxe2 38.Qe4 Qh5 39.Re1 fxg3 40.fxg3 Nf3+
41.Bxf3 Rxf3 42.Kg2 Qf7 43.Qxf3 1-0

[Event "2nd American Continental"]
[Site "Buenos Aires ARG"]
[Date "2003.08.19"]
[Round "3"]
[White "Alvarez, Hector"]
[Black "Llanos, Guillermo"]
[Result "0-1"]
[WhiteElo "2216"]
[BlackElo "2398"]
[EventDate "2003.08.17"]
[PlyCount "64"]

1.e4 Nf6 2.e5 Nd5 3.d4 d6 4.Nf3 dxe5 5.dxe5 Bg4 6.h3 Bxf3 7.Qxf3 e6 8.a3 
Nd7 9.c4 Ne7 10.Qxb7 Rb8 11.Qxa7 Nc6 12.Qa4 Nd4 13.Nc3 Rb3 14.Rb1 c6 15.
Be2 Nc5 16.Qa7 Rb7 17.Bg5 Qc7 18.Qxb7 Nxb7 19.f4 Nc2+ 20.Kd2 Nd4 21.b4 Be7
22.Bxe7 Qxe7 23.Ne4 O-O 24.Ke3 Nf5+ 25.Kf2 Ra8 26.Rb3 c5 27.Rd1 Qh4+ 28.g3
Qxh3 29.bxc5 Qh2+ 30.Kf3 Na5 31.Rb6 Nc6 32.Bd3 Ncd4+ 0-1

[Event "2nd American Continental"]
[Site "Buenos Aires ARG"]
[Date "2003.08.19"]
[Round "3"]
[White "Alzate, Dario"]
[Black "Morgado, Juan Sebastian"]
[Result "1-0"]
[WhiteElo "2426"]
[BlackElo "2275"]
[EventDate "2003.08.17"]
[PlyCount "59"]

1.d4 Nf6 2.Nf3 d5 3.c4 e6 4.Nc3 c5 5.cxd5 exd5 6.g3 Nc6 7.Bg2 Be7 8.O-O 
O-O 9.Bg5 cxd4 10.Nxd4 h6 11.Be3 Re8 12.Qb3 Na5 13.Qc2 Bg4 14.Nf5 Rc8 15.
Bd4 Bb4 16.Ne3 Be6 17.Qa4 Be7 18.Rad1 Bd7 19.Qc2 Nc6 20.Bxf6 Bxf6 21.Nexd5
Be5 22.Rd2 Qa5 23.Rfd1 Be6 24.Qb1 Qc5 25.Ne4 Qf8 26.Nf4 Bf5 27.Nf6+ Bxf6 
28.Qxf5 Rcd8 29.Be4 Qb4 30.Rxd8 1-0

[Event "2nd American Continental"]
[Site "Buenos Aires ARG"]
[Date "2003.08.19"]
[Round "3"]
[White "Arambel, Sergio Javier"]
[Black "Fiorito, Fabian"]
[Result "0-1"]
[WhiteElo "2245"]
[BlackElo "2422"]
[EventDate "2003.08.17"]
[PlyCount "68"]

1.c4 e5 2.g3 Nc6 3.Bg2 f5 4.Nc3 Nf6 5.d3 Bb4 6.e3 Bxc3+ 7.bxc3 d6 8.Ne2 
O-O 9.O-O Na5 10.f4 c5 11.fxe5 dxe5 12.Ba3 Qc7 13.Rb1 Rb8 14.Nc1 Rd8 15.
Qe2 e4 16.d4 cxd4 17.cxd4 Nxc4 18.Bc5 Be6 19.Bh3 b6 20.Bxf5 Bd5 21.Bb4 a5 
22.Bd2 Na3 23.Rb3 Bxb3 24.axb3 Nb1 25.g4 Nxd2 26.Qxd2 Re8 27.Ne2 Nd5 28.
Rc1 Qe7 29.Ng3 Qg5 30.Nxe4 Qxe3+ 31.Qxe3 Nxe3 32.Nd6 Nxf5 33.Nxe8 Nxd4 34.
Rd1 Ne2+ 0-1

[Event "2nd American Continental"]
[Site "Buenos Aires ARG"]
[Date "2003.08.19"]
[Round "3"]
[White "Bendana Guerrero, Guy"]
[Black "Sagalchik, Olga"]
[Result "1/2-1/2"]
[WhiteElo "2186"]
[BlackElo "2111"]
[EventDate "2003.08.17"]
[PlyCount "27"]

1.d4 Nf6 2.Nf3 d6 3.c4 c6 4.Nc3 Nbd7 5.e4 e5 6.Be2 Be7 7.O-O O-O 8.h3 Re8 
9.Re1 a6 10.a4 a5 11.Be3 Bf8 12.Qc2 Qc7 13.Rac1 Nb8 14.d5 1/2-1/2

[Event "2nd American Continental"]
[Site "Buenos Aires ARG"]
[Date "2003.08.19"]
[Round "3"]
[White "Benko, Francisco"]
[Black "Estrada Nieto, Julian"]
[Result "0-1"]
[WhiteElo "2142"]
[BlackElo "2332"]
[EventDate "2003.08.17"]
[PlyCount "158"]

1.d4 d5 2.Nc3 Bf5 3.Bg5 h6 4.Bf4 c6 5.e3 Nf6 6.Be2 e6 7.a3 Nbd7 8.Nf3 Be7 
9.Ne5 Nxe5 10.Bxe5 Bd6 11.Bg3 O-O 12.O-O Re8 13.f4 c5 14.Bh4 cxd4 15.exd4 
Be7 16.Bf2 a6 17.Bf3 Bd6 18.g3 Qc7 19.Qe2 b5 20.Rfc1 Rab8 21.Nd1 a5 22.c3 
Rec8 23.Be3 Qc4 24.Nf2 Ne4 25.Qd1 Nxf2 26.Kxf2 Qc7 27.Qe2 Qb6 28.Kg2 Rc6 
29.Bd2 Rbc8 30.Re1 b4 31.axb4 axb4 32.Qe3 bxc3 33.Bxc3 Bb4 34.Rac1 Bxc3 
35.bxc3 Rxc3 36.Rxc3 Qb2+ 37.Re2 Qxc3 38.Qxc3 Rxc3 39.g4 Bd3 40.Re3 Rc2+ 
41.Kg3 Bc4 42.f5 Rd2 43.fxe6 fxe6 44.g5 hxg5 45.Rxe6 Rxd4 46.Re5 Kf7 47.
Bg4 g6 48.Re3 Re4 49.Rf3+ Ke7 50.Ra3 d4 51.Ra7+ Kf6 52.Bf3 Re7 53.Ra4 Rc7 
54.Rb4 Kf5 55.Rb8 d3 56.Rd8 Rc5 57.Rd6 Ke5 58.Rxg6 Kd4 59.h4 gxh4+ 60.Kxh4
Kc3 61.Rg1 d2 62.Bd1 Re5 63.Rg3+ Kb2 64.Rg7 Be2 65.Rb7+ Kc1 66.Bb3 Bc4 67.
Rc7 Kb2 68.Rd7 Bd5 69.Bd1 Kc1 70.Bg4 Be6 71.Rc7+ Kb2 72.Bd1 Bb3 73.Bf3 Re3
74.Bh5 Re5 75.Bf3 Rf5 76.Be2 Rf2 77.Re7 Kc1 78.Bg4 Rf4 79.Rd7 Rxg4+ 0-1

[Event "2nd American Continental"]
[Site "Buenos Aires ARG"]
[Date "2003.08.19"]
[Round "3"]
[White "Bentancor, Franco German"]
[Black "Marcolino, Daniel Mattos"]
[Result "1-0"]
[WhiteElo "2177"]
[BlackElo "2055"]
[EventDate "2003.08.17"]
[PlyCount "49"]

1.e4 c6 2.Nc3 d5 3.f4 dxe4 4.Nxe4 e6 5.Nf3 Nd7 6.g3 b6 7.b3 Bb7 8.Bg2 Be7 
9.Bb2 Ngf6 10.Nf2 Qc7 11.O-O c5 12.Nd3 O-O 13.Qe2 Rfe8 14.Rae1 Bd5 15.Nde5
Rab8 16.c4 Bb7 17.Nxf7 Bxf3 18.Rxf3 Kxf7 19.Qxe6+ Kf8 20.Be5 Nxe5 21.fxe5 
Bd8 22.Qd5 Re7 23.g4 Rf7 24.Qe6 Ng8 25.Rxf7+ 1-0

[Event "2nd American Continental"]
[Site "Buenos Aires ARG"]
[Date "2003.08.19"]
[Round "3"]
[White "Bitelmajer, Martin"]
[Black "Leeuw, Pablo Gabriel"]
[Result "0-1"]
[WhiteElo "2230"]
[BlackElo "2110"]
[EventDate "2003.08.17"]
[PlyCount "86"]

1.d4 e6 2.c4 f5 3.Nf3 Nf6 4.g3 d5 5.Bg2 c6 6.O-O Be7 7.b3 O-O 8.Ba3 b6 9.
Qc2 Bxa3 10.Nxa3 Qd6 11.Qb2 Nbd7 12.Rac1 Ne4 13.Nc2 f4 14.Qa3 c5 15.Nce1 
Ndf6 16.Nd3 fxg3 17.hxg3 Ng4 18.Nde5 Ngf6 19.Qb2 Ba6 20.Rcd1 Rac8 21.Qa3 
b5 22.dxc5 Rxc5 23.b4 Rxc4 24.Nxc4 bxc4 25.Nd2 Nxd2 26.Rxd2 d4 27.Rfd1 e5 
28.f4 Ng4 29.fxe5 Qh6 30.Bd5+ Kh8 31.e3 dxe3 32.b5 g6 33.Re2 Rf2 34.Rxf2 
exf2+ 35.Kf1 Ne3+ 36.Kxf2 Nxd1+ 37.Ke2 c3 38.Kf3 Qe3+ 39.Kg2 Qf2+ 40.Kh1 
Qf1+ 41.Kh2 Ne3 42.g4 Qf2+ 43.Kh1 Nxg4 0-1

[Event "2nd American Continental"]
[Site "Buenos Aires ARG"]
[Date "2003.08.19"]
[Round "3"]
[White "Burgos, Carlos"]
[Black "Giardelli, Sergio Carlos"]
[Result "0-1"]
[WhiteElo "2335"]
[BlackElo "2437"]
[EventDate "2003.08.17"]
[PlyCount "111"]

1.e4 c5 2.g3 Nc6 3.Bg2 g6 4.Ne2 Bg7 5.O-O d6 6.c3 e5 7.Na3 Nge7 8.Nc2 O-O 
9.d4 Qb6 10.dxc5 dxc5 11.Ne3 Rd8 12.Nd5 Nxd5 13.exd5 Ne7 14.a4 Qa6 15.Bg5 
f6 16.Be3 Bg4 17.Re1 Rac8 18.b4 cxb4 19.cxb4 Nf5 20.b5 Qa5 21.Bd2 Qb6 22.
Rb1 Nd4 23.Be3 Nxe2+ 24.Qxe2 Bxe2 25.Bxb6 axb6 26.Rxe2 f5 27.Rd1 Rd6 28.g4
Kf7 29.Bh3 Kf6 30.f3 Rc5 31.gxf5 gxf5 32.Red2 Bh6 33.Rd3 Rc4 34.Ra3 Bc1 
35.Bf1 Rc5 36.Rad3 Kg5 37.Kf2 Kf4 38.h4 Bb2 39.Be2 Bd4+ 40.Rxd4+ exd4 41.
Rxd4+ Ke5 42.Rb4 Rcxd5 43.f4+ Kf6 44.Kf3 Rd4 45.Rb2 Rxa4 46.Rc2 Ra3+ 47.
Kg2 Rd4 48.Bf3 Rxf4 49.Bxb7 Rg4+ 50.Kf2 Rxh4 51.Bg2 Rb4 52.Rc6+ Kg5 53.Rc8
Rb2+ 54.Kg1 Rg3 55.Kh1 Kh4 56.Rh8 0-1

[Event "2nd American Continental"]
[Site "Buenos Aires ARG"]
[Date "2003.08.19"]
[Round "3"]
[White "Burijovich, Liliana"]
[Black "Hobaica, Juan Pablo"]
[Result "1/2-1/2"]
[WhiteElo "2195"]
[BlackElo "2281"]
[EventDate "2003.08.17"]
[PlyCount "110"]

1.e4 c5 2.Nf3 e6 3.d4 cxd4 4.Nxd4 a6 5.c4 Nf6 6.Nc3 Qc7 7.a3 Be7 8.Be3 O-O
9.Rc1 b6 10.Be2 Bb7 11.f3 d6 12.O-O Nbd7 13.Kh1 Rac8 14.Qd2 Qb8 15.b4 Qa8 
16.Rfd1 Bd8 17.Nb3 Bc7 18.Bf1 Rfd8 19.Bf4 Nf8 20.Qf2 Qb8 21.g3 Ng6 22.Bg5 
Re8 23.Be3 Ne5 24.Bf4 Ng6 25.Bg5 Qa8 26.Bxf6 gxf6 27.Bg2 Ne5 28.c5 bxc5 
29.bxc5 Qa7 30.f4 Nd7 31.Qd4 Nxc5 32.Nxc5 Qxc5 33.Qxc5 dxc5 34.Na4 Rcd8 
35.Nxc5 Bc8 36.Bf1 Bd6 37.Nxa6 Bxa3 38.Rxd8 Rxd8 39.Rc7 Bd6 40.Ra7 Bd7 41.
f5 Bc6 42.fxe6 fxe6 43.Bc4 Bxe4+ 44.Kg1 Be5 45.Kf1 Rd2 46.Bxe6+ Kh8 47.Nc5
Bg2+ 48.Ke1 Bc3 49.Ra3 Bb4 50.Rb3 Rd4+ 51.Kf2 Bc6 52.Nd3 Bd6 53.Rc3 Bb7 
54.Rb3 Bc6 55.Ke3 Rxd3+ 1/2-1/2

[Event "2nd American Continental"]
[Site "Buenos Aires ARG"]
[Date "2003.08.19"]
[Round "3"]
[White "Caceres Vasquez, Sergio"]
[Black "Perdomo, Leandro"]
[Result "1/2-1/2"]
[WhiteElo "2201"]
[BlackElo "2304"]
[EventDate "2003.08.17"]
[PlyCount "60"]

1.d4 Nf6 2.c4 g6 3.Nc3 Bg7 4.e4 d6 5.f4 c5 6.d5 O-O 7.Nf3 a6 8.a4 e5 9.
fxe5 Ng4 10.exd6 f5 11.e5 Nxe5 12.Bf4 Re8 13.Nxe5 Bxe5 14.Bxe5 Nd7 15.Be2 
Nxe5 16.O-O Qxd6 17.Qd2 Bd7 18.Rae1 Re7 19.b3 Rae8 20.Bd1 Nf7 21.Bf3 Rxe1 
22.Rxe1 Rxe1+ 23.Qxe1 Qe5 24.Qxe5 Nxe5 25.a5 Kf7 26.Kf2 Kf6 27.Ke3 g5 28.
g3 Nf7 29.Na2 Ne5 30.Be2 Ke7 1/2-1/2

[Event "2nd American Continental"]
[Site "Buenos Aires ARG"]
[Date "2003.08.19"]
[Round "3"]
[White "Campitelli, Guillermo"]
[Black "Castaneda, Carlos"]
[Result "0-1"]
[WhiteElo "2190"]
[BlackElo "2148"]
[EventDate "2003.08.17"]
[PlyCount "86"]

1.d4 Nf6 2.c4 g6 3.Nc3 Bg7 4.e4 d6 5.Bd3 O-O 6.Nge2 Nc6 7.Bc2 a6 8.O-O Rb8
9.Rb1 e5 10.d5 Na5 11.Bd3 c5 12.a3 b5 13.cxb5 c4 14.Bc2 axb5 15.Na2 Nd7 
16.Bd2 Nc5 17.Bc3 f5 18.exf5 Bxf5 19.Bxf5 gxf5 20.f4 Nab3 21.Nb4 Ne4 22.
Nc6 Qb6+ 23.Kh1 Rbe8 24.Bb4 Nbc5 25.Ba5 Qb7 26.Nc3 Nd3 27.Nxe4 fxe4 28.f5 
Qf7 29.Qg4 e3 30.Qf3 e4 31.Qxe3 Qxd5 32.Nb4 Qc5 33.Qxc5 dxc5 34.Nc2 Bxb2 
35.Ne3 c3 36.g4 b4 37.axb4 cxb4 38.Kg2 Ra8 39.Bb6 b3 40.Bd4 Ra2 41.Nd5 c2 
42.Rxb2 Nxb2 43.Nb4 Nd1 0-1

[Event "2nd American Continental"]
[Site "Buenos Aires ARG"]
[Date "2003.08.19"]
[Round "3"]
[White "Cerda Albornoz, Guillermo"]
[Black "Zambrana, Oswaldo"]
[Result "0-1"]
[WhiteElo "2224"]
[BlackElo "2404"]
[EventDate "2003.08.17"]
[PlyCount "82"]

1.e4 c5 2.Nf3 Nc6 3.d4 cxd4 4.Nxd4 Nf6 5.Nc3 e5 6.Ndb5 d6 7.Nd5 Nxd5 8.
exd5 Nb8 9.c4 Nd7 10.Be3 Be7 11.b4 a6 12.Nc3 O-O 13.Bd3 f5 14.f3 Bg5 15.
Qd2 Bxe3 16.Qxe3 e4 17.fxe4 f4 18.Qd4 Ne5 19.O-O-O a5 20.b5 Qg5 21.h4 Qh6 
22.Kb1 Bg4 23.Rc1 f3 24.gxf3 Rxf3 25.Be2 Rxc3 26.Rxc3 Bxe2 27.Rg1 Nf3 28.
Rxf3 Bxf3 29.e5 dxe5 30.Qxe5 Bh5 31.d6 Bg6+ 32.Ka1 Qxh4 33.c5 Re8 34.Qc3 
Qf2 35.Rd1 Re2 36.Qb3+ Bf7 37.d7 Rxa2+ 38.Kb1 Bxb3 39.d8=Q+ Qf8 40.Qxf8+ 
Kxf8 41.Rc1 Rc2 0-1

[Event "2nd American Continental"]
[Site "Buenos Aires ARG"]
[Date "2003.08.19"]
[Round "3"]
[White "Chtcherbine, Andrei"]
[Black "Bronstein, Luis Marcos"]
[Result "1/2-1/2"]
[WhiteElo "2156"]
[BlackElo "2325"]
[EventDate "2003.08.17"]
[PlyCount "49"]

1.Nf3 Nf6 2.c4 e6 3.Nc3 c5 4.e3 Nc6 5.b3 d5 6.cxd5 exd5 7.d4 cxd4 8.Nxd4 
Bb4 9.Bb2 Ne4 10.Rc1 O-O 11.Nxc6 bxc6 12.Bd3 Nxc3 13.Bxc3 Bxc3+ 14.Rxc3 d4
15.exd4 Re8+ 16.Be2 Re4 17.O-O Rxd4 18.Qc1 Bd7 19.Bf3 a5 20.Qe3 Rd6 21.
Rfc1 Qf6 22.Qb6 g6 23.Rc5 Rd2 24.Rxa5 Rxa2 25.Rxa8+ 1/2-1/2

[Event "2nd American Continental"]
[Site "Buenos Aires ARG"]
[Date "2003.08.19"]
[Round "3"]
[White "Claverie, Raul"]
[Black "Plazaola, Maria De los Angeles"]
[Result "1-0"]
[WhiteElo "2303"]
[BlackElo "2047"]
[EventDate "2003.08.17"]
[PlyCount "87"]

1.e4 c5 2.Nf3 Nc6 3.d3 g6 4.g3 Bg7 5.Bg2 d6 6.O-O e5 7.c3 Nge7 8.a3 a5 9.
a4 O-O 10.Na3 h6 11.Nc4 Be6 12.Re1 f5 13.exf5 Bxf5 14.Nh4 Bc8 15.Nf3 Nf5 
16.h4 Rb8 17.Ra3 Qf6 18.Nfd2 Nxh4 19.Ne4 Nf3+ 20.Bxf3 Qxf3 21.Qxf3 Rxf3 
22.Ncxd6 Rxd3 23.Nxc8 Rxc8 24.Nxc5 Rf3 25.Rb3 Bf8 26.Ne4 Rc7 27.Be3 Rff7 
28.Rb5 Rc8 29.Kg2 h5 30.Rd1 Ra8 31.Rdd5 Kg7 32.Ng5 Re7 33.Bc5 Ree8 34.
Rxb7+ Be7 35.Rdd7 Kf6 36.Ne4+ Ke6 37.Ng5+ Kf6 38.f4 exf4 39.gxf4 Rad8 40.
Rdc7 Rc8 41.Kf3 h4 42.Kg4 Rxc7 43.Rxc7 Nd8 44.Bd4# 1-0

[Event "2nd American Continental"]
[Site "Buenos Aires ARG"]
[Date "2003.08.19"]
[Round "3"]
[White "Cubas, Jose Fernando"]
[Black "Varela, Daniel"]
[Result "1-0"]
[WhiteElo "2419"]
[BlackElo "2164"]
[EventDate "2003.08.17"]
[PlyCount "65"]

1.e4 e6 2.d4 d5 3.Nc3 Nf6 4.e5 Nfd7 5.f4 c5 6.Nf3 Nc6 7.Be3 a6 8.Qd2 b5 9.
dxc5 Nxc5 10.Qf2 Na4 11.Nxa4 bxa4 12.Nd4 Bd7 13.a3 Qb8 14.c4 Nxd4 15.Bxd4 
dxc4 16.Rc1 Qb7 17.Bxc4 Qe4+ 18.Be2 Bb5 19.Qf3 Qxe2+ 20.Qxe2 Bxe2 21.Kxe2 
Be7 22.Rc4 O-O 23.Rhc1 Rfd8 24.Rxa4 Rd5 25.Rc6 a5 26.Bc3 Kf8 27.Rxa5 Rdxa5
28.Bxa5 Bxa3 29.b4 Rb8 30.Rc4 Rb7 31.Kd3 f6 32.Kc2 Rd7 33.Rc3 1-0

[Event "2nd American Continental"]
[Site "Buenos Aires ARG"]
[Date "2003.08.19"]
[Round "3"]
[White "De Dovitiis, Alejo"]
[Black "Franco Ocampos, Zenon"]
[Result "0-1"]
[WhiteElo "2401"]
[BlackElo "2520"]
[EventDate "2003.08.17"]
[PlyCount "84"]

1.e4 c5 2.Nf3 Nc6 3.d4 cxd4 4.Nxd4 Qc7 5.Nb5 Qb8 6.c4 Nf6 7.N5c3 e6 8.Be3 
Be7 9.Be2 O-O 10.O-O Rd8 11.f4 b6 12.a3 Bb7 13.b4 d5 14.cxd5 exd5 15.exd5 
Bf8 16.f5 Ne7 17.Bg5 Nexd5 18.Nxd5 Rxd5 19.Qb3 Qe5 20.Nc3 Bd6 21.Bf4 Qd4+ 
22.Kh1 Bxf4 23.Bf3 Be5 24.Nxd5 Bxd5 25.Bxd5 Qxd5 26.Qxd5 Nxd5 27.Rae1 Bf6 
28.Rf3 h5 29.Rd3 Ne7 30.Rf1 Nc6 31.g3 Ne5 32.Rc3 a5 33.bxa5 Rxa5 34.Rb3 
Ra6 35.Rc1 Be7 36.Rc8+ Kh7 37.Re8 Nc6 38.Rc8 Nd4 39.Rd3 Nxf5 40.Rf3 Kg6 
41.Rc6+ f6 42.Rb3 Bc5 0-1

[Event "2nd American Continental"]
[Site "Buenos Aires ARG"]
[Date "2003.08.19"]
[Round "3"]
[White "Delgado, Alberto"]
[Black "Hernandez Lagos, Hector"]
[Result "1-0"]
[WhiteElo "2310"]
[BlackElo "2200"]
[EventDate "2003.08.17"]
[PlyCount "47"]

1.e4 c5 2.Nf3 d6 3.d4 cxd4 4.Nxd4 Nf6 5.Nc3 a6 6.Be3 e6 7.f3 Be7 8.Qd2 Qc7
9.g4 Nc6 10.h4 Ne5 11.O-O-O Nc4 12.Qf2 Nxe3 13.Qxe3 Nd7 14.g5 Nc5 15.h5 
Bd7 16.Bh3 g6 17.hxg6 hxg6 18.Bxe6 Rxh1 19.Bxf7+ Kxf7 20.Rxh1 Qd8 21.Nd5 
Kg7 22.Nf5+ Bxf5 23.Qd4+ Kf7 24.Rh7+ 1-0

[Event "2nd American Continental"]
[Site "Buenos Aires ARG"]
[Date "2003.08.19"]
[Round "3"]
[White "Di Diego, Osvaldo"]
[Black "Ferrara, Alexis"]
[Result "0-1"]
[WhiteElo "2061"]
[BlackElo "2210"]
[EventDate "2003.08.17"]
[PlyCount "48"]

1.Nf3 c5 2.g3 Nc6 3.Bg2 g6 4.d3 Bg7 5.e4 e5 6.c3 Nge7 7.Be3 d6 8.O-O O-O 
9.d4 cxd4 10.cxd4 Bg4 11.dxe5 dxe5 12.h3 Be6 13.Nc3 Nd4 14.Re1 Nec6 15.Ng5
Bd7 16.Rc1 h6 17.Nf3 Kh7 18.Nd5 Be6 19.Nd2 f5 20.Nc3 f4 21.Bxd4 Nxd4 22.
Kh2 fxg3+ 23.fxg3 Rf2 24.Rf1 Rxd2 0-1

[Event "2nd American Continental"]
[Site "Buenos Aires ARG"]
[Date "2003.08.19"]
[Round "3"]
[White "Duarte, Leonardo"]
[Black "Lafuente, Pablo"]
[Result "0-1"]
[WhiteElo "2207"]
[BlackElo "2431"]
[EventDate "2003.08.17"]
[PlyCount "32"]

1.e4 c5 2.Nf3 d6 3.d4 cxd4 4.Nxd4 Nf6 5.Nc3 a6 6.Bg5 Nbd7 7.f4 b5 8.Bxf6 
Nxf6 9.e5 dxe5 10.fxe5 b4 11.Ncb5 Bg4 12.Qd2 Nd5 13.Nc6 Qb6 14.Be2 Bxe2 
15.Nd6+ exd6 16.Qxd5 Qe3 0-1

[Event "2nd American Continental"]
[Site "Buenos Aires ARG"]
[Date "2003.08.19"]
[Round "3"]
[White "Echeguren, Gustavo"]
[Black "Rodi, Luis Ernesto"]
[Result "1-0"]
[WhiteElo "2091"]
[BlackElo "2221"]
[EventDate "2003.08.17"]
[PlyCount "129"]

1.d4 f5 2.c4 d6 3.g3 Nf6 4.Bg2 g6 5.Nf3 Bg7 6.O-O O-O 7.Nc3 Nc6 8.b3 e5 9.
dxe5 dxe5 10.Ba3 Re8 11.Qxd8 Rxd8 12.Rfd1 Bd7 13.Rac1 e4 14.Ne1 Be6 15.Nb5
Ne8 16.e3 a6 17.Nc3 Rxd1 18.Nxd1 Rd8 19.Nb2 Rd2 20.Rc2 Rd7 21.Kf1 Nf6 22.
Na4 b6 23.Nc3 g5 24.Ne2 Ng4 25.h3 Nge5 26.g4 fxg4 27.hxg4 Bxg4 28.Bxe4 
Bh3+ 29.Kg1 Ne7 30.Ng3 N5g6 31.Kh2 Be6 32.Nf3 h6 33.Nh5 Bh8 34.Bb2 Bxb2 
35.Rxb2 Rd1 36.Rd2 Ra1 37.Nd4 Kf7 38.Nxe6 Kxe6 39.Ng7+ Kf7 40.Nf5 Nxf5 41.
Bxf5 Ne5 42.Be4 Kf6 43.a4 Ke7 44.Kg2 Nd7 45.Bc6 Nc5 46.b4 Nxa4 47.Rd7+ Ke6
48.Rxc7 Kd6 49.Rc8 Nc3 50.Bf3 a5 51.Rc6+ Ke5 52.Rxb6 a4 53.c5 a3 54.c6 Kd6
55.c7+ Kxc7 56.Rc6+ Kd7 57.Rxc3 a2 58.Ra3 Rb1 59.Rxa2 Rxb4 60.Ra6 Rh4 61.
Kg3 Ke7 62.Bg2 Rh5 63.Ra4 Kf6 64.Bf3 g4 65.Rxg4 1-0

[Event "2nd American Continental"]
[Site "Buenos Aires ARG"]
[Date "2003.08.19"]
[Round "3"]
[White "Escobedo Tinajero, Alberto"]
[Black "Zarnicki, Pablo"]
[Result "0-1"]
[WhiteElo "2405"]
[BlackElo "2530"]
[EventDate "2003.08.17"]
[PlyCount "112"]

1.d4 Nf6 2.c4 g6 3.Nc3 Bg7 4.e4 d6 5.f3 O-O 6.Be3 c5 7.d5 e6 8.dxe6 Bxe6 
9.Bd3 Nc6 10.Nge2 Nd7 11.O-O Nde5 12.b3 Nd4 13.Rc1 a6 14.Bb1 Nec6 15.Nd5 
b5 16.Nxd4 Nxd4 17.Bd3 Bxd5 18.exd5 Re8 19.Bxd4 Bxd4+ 20.Kh1 b4 21.Rc2 a5 
22.Re2 Rxe2 23.Qxe2 a4 24.f4 axb3 25.axb3 Qe8 26.Qxe8+ Rxe8 27.g3 Re3 28.
Rd1 Kg7 29.Kg2 f5 30.h3 Kf6 31.g4 fxg4 32.hxg4 g5 33.f5 Be5 34.Kf2 Rg3 35.
Ke2 Rxg4 36.Rh1 Rg2+ 37.Kf3 Rd2 38.Be4 Bh2 39.Kg4 Rf2 40.Bb1 Rf4+ 41.Kh3 
Rh4+ 42.Kg2 Bg3 43.Rh3 Bf2 44.Rd3 Bd4 45.Rd2 Be5 46.Kg1 Rd4 47.Rxd4 Bxd4+ 
48.Kg2 h5 49.Bd3 g4 50.Bc2 Kg5 51.Bd3 Kf4 52.f6 Bxf6 53.Bg6 h4 54.Bf7 h3+ 
55.Kg1 Kg3 56.Bg6 Bd4+ 0-1

[Event "2nd American Continental"]
[Site "Buenos Aires ARG"]
[Date "2003.08.19"]
[Round "3"]
[White "Felgaer, Ruben"]
[Black "Monier, Raul"]
[Result "1/2-1/2"]
[WhiteElo "2551"]
[BlackElo "2405"]
[EventDate "2003.08.17"]
[PlyCount "54"]

1.e4 e5 2.Nf3 Nc6 3.Bb5 a6 4.Ba4 Nf6 5.O-O Be7 6.Re1 b5 7.Bb3 O-O 8.a4 Bb7
9.d3 d6 10.Nbd2 Na5 11.Ba2 c5 12.Nf1 Re8 13.Ne3 h6 14.Bd2 Nc6 15.h3 Nd4 
16.c3 Ne6 17.Nf5 Bf8 18.Nh2 c4 19.dxc4 Nxe4 20.Be3 bxc4 21.Qg4 Kh8 22.Bxc4
Nf6 23.Qe2 Qc8 24.Qf1 Nd5 25.Rad1 Nef4 26.Bxf4 Nxf4 27.Ne3 Qd7 1/2-1/2

[Event "2nd American Continental"]
[Site "Buenos Aires ARG"]
[Date "2003.08.19"]
[Round "3"]
[White "Garcia, Gildardo"]
[Black "Andrade, Roberto Luiz Costa"]
[Result "1-0"]
[WhiteElo "2473"]
[BlackElo "2309"]
[EventDate "2003.08.17"]
[PlyCount "78"]

1.e4 c5 2.Nf3 Nc6 3.Bb5 d6 4.O-O Bd7 5.Re1 e6 6.c3 Be7 7.d4 cxd4 8.cxd4 a6
9.Ba4 b5 10.Bb3 Na5 11.Bc2 Nf6 12.a3 O-O 13.Nc3 Bc6 14.d5 exd5 15.Nd4 Bd7 
16.exd5 Re8 17.Qd3 Nc4 18.Bg5 Nxb2 19.Qg3 Rc8 20.Nf5 Bxf5 21.Bxf5 Rc4 22.
Re2 Nh5 23.Qe3 Rc7 24.Rae1 Nc4 25.Qh3 g6 26.Bh6 Rf8 27.Bxf8 Nf4 28.Bxe7 
Nxh3+ 29.Bxh3 Rxe7 30.Rxe7 Ne5 31.Rb7 Qa5 32.Re3 Qxa3 33.g3 Kg7 34.Be6 Nc4
35.Rxf7+ Kh6 36.Re4 g5 37.Bf5 Qa1+ 38.Kg2 g4 39.Rxg4 Ne3+ 1-0

[Event "2nd American Continental"]
[Site "Buenos Aires ARG"]
[Date "2003.08.19"]
[Round "3"]
[White "Giampa, Alejandro"]
[Black "Needleman, Gaston"]
[Result "0-1"]
[WhiteElo "2271"]
[BlackElo "2155"]
[EventDate "2003.08.17"]
[PlyCount "130"]

1.d4 Nf6 2.Nf3 g6 3.g3 Bg7 4.Bg2 O-O 5.O-O d6 6.b3 c6 7.Bb2 Qa5 8.Nbd2 Qh5
9.e4 Bh3 10.Re1 Ng4 11.e5 d5 12.Ba3 Re8 13.Qe2 Bh6 14.e6 f5 15.c4 Nf6 16.
Nf1 Na6 17.Qd3 Nc7 18.Nh4 Bxg2 19.Nxg2 Ne4 20.h4 Nxe6 21.f3 Bg7 22.Bb2 c5 
23.g4 fxg4 24.fxe4 Nxd4 25.Kh1 Bf6 26.Bxd4 Bxh4 27.Nxh4 Qxh4+ 28.Kg1 cxd4 
29.Qxd4 dxc4 30.Qxc4+ e6 31.Re2 Rac8 32.Qb5 Rf8 33.Qe5 Qf6 34.Qxf6 Rxf6 
35.Rd1 h5 36.Kg2 Rc7 37.Ne3 Kg7 38.Rd6 Rc5 39.Nc4 b5 40.Nb2 Rc3 41.Rd3 Rf3
42.Rxc3 Rxc3 43.Nd1 Rc1 44.Nf2 Kf6 45.e5+ Kf5 46.Rd2 Rc5 47.Rd7 Rxe5 48.
Rxa7 h4 49.a4 bxa4 50.Rxa4 g3 51.Rxh4 gxf2 52.Kxf2 Rb5 53.b4 e5 54.Rc4 g5 
55.Kf3 Rb8 56.Kg3 Ra8 57.Rc3 Rb8 58.Rc4 Rb7 59.Kf3 Rb5 60.Ke3 g4 61.Kf2 e4
62.Kg3 e3 63.Rf4+ Ke6 64.Kg2 Re5 65.Kf1 g3 0-1

[Event "2nd American Continental"]
[Site "Buenos Aires ARG"]
[Date "2003.08.19"]
[Round "3"]
[White "Gulko, Boris"]
[Black "Mahia, Gustavo"]
[Result "1-0"]
[WhiteElo "2583"]
[BlackElo "2377"]
[EventDate "2003.08.17"]
[PlyCount "127"]

1.c4 e5 2.Nc3 Nc6 3.Nf3 Nf6 4.g3 Bc5 5.Bg2 d6 6.O-O O-O 7.d3 h6 8.a3 a5 9.
b3 Re8 10.Bb2 Be6 11.e3 Ba7 12.h3 Qd7 13.Kh2 Rad8 14.Nb5 Bb8 15.d4 Bf5 16.
d5 Ne7 17.Nc3 c6 18.Qd2 cxd5 19.cxd5 Rc8 20.Rac1 b5 21.Ng1 Ba7 22.e4 Bh7 
23.f3 Nh5 24.f4 exf4 25.gxf4 Ng6 26.f5 Ne5 27.Qe2 b4 28.Qxh5 bxc3 29.Rxc3 
Rxc3 30.Bxc3 Qb5 31.Qd1 Bc5 32.a4 Qb6 33.Ne2 g6 34.fxg6 Bxg6 35.Nf4 Bb4 
36.Bxe5 dxe5 37.Nxg6 fxg6 38.Qc1 Kg7 39.Qc6 Qd8 40.Rc1 Rf8 41.Qc7+ Qxc7 
42.Rxc7+ Rf7 43.Rc2 h5 44.Kg1 Kh6 45.Bf1 Kg5 46.Bb5 Kh4 47.Kg2 Rf6 48.Be8 
g5 49.Bd7 g4 50.hxg4 hxg4 51.Bf5 Kg5 52.Rc8 Kf4 53.Rg8 Ke3 54.Kg3 Rb6 55.
Kxg4 Ba3 56.Ra8 Bb4 57.Ra7 Kd4 58.Bh7 Rf6 59.Rc7 Bc5 60.Kg5 Rf3 61.Rc6 
Rxb3 62.d6 Rb8 63.d7 Rd8 64.Bf5 1-0